|
|
|
|
| LEADER |
00000nab a2200000 a 4500 |
| 001 |
vtls008887082 |
| 003 |
SK-MaSNL |
| 005 |
20260304144506.0 |
| 008 |
250505c2006 xo zr|p|||||||000 b|slo |
| 015 |
|
|
|a SNBRB2006/11
|
| 035 |
|
|
|a (uuid)dc8a6a1d-e2d8-4fc6-b622-7db4b7b32223
|
| 035 |
|
|
|a urn:nbn:sk:snk-abyw6
|
| 035 |
|
|
|a (urnnbn)urn:nbn:sk:snk:ar-a03zku
|
| 038 |
|
|
|a SNKBUCL
|
| 040 |
|
|
|a SNKBUCL
|b slo
|c SNKBUCL
|e AACR2
|
| 041 |
0 |
|
|a slo
|b eng
|
| 044 |
|
|
|a xo
|c SK
|
| 080 |
|
|
|a 17
|2 1997
|
| 080 |
|
|
|a 165.62
|2 1997
|
| 100 |
1 |
|
|a Muránsky, Martin,
|d 1966-
|4 aut
|9 91105
|
| 245 |
1 |
0 |
|a Koniec subjektu? Otázky a otázniky vo fenomenolgickej koncepcii morálnej zrelosti Huberta L. Dreyfusa
|c Martin Muránsky
|
| 504 |
|
|
|a Bibliogr. odkazy
|
| 546 |
|
|
|a Res. angl.
|
| 600 |
1 |
7 |
|a Dreyfus, Hubert L.,
|d 1929-
|2 snkbucl
|9 874307
|
| 650 |
0 |
7 |
|a fenomenológia
|2 snkbucl
|9 14875
|
| 650 |
0 |
7 |
|a morálka
|2 snkbucl
|9 795
|
| 773 |
0 |
|
|t Filozofia
|g Roč. 61, č. 9 (2006), s. 714-725
|x 0046-385X
|
| 850 |
|
|
|a Slovenská národná knižnica
|
| 852 |
|
|
|a Slovenská národná knižnica
|
| 954 |
|
|
|a odborná, vedecká literatúra pôvodná (slovenská)
|2 lita
|
| 958 |
|
|
|a article27
|
| 958 |
|
|
|a OND
|
| 958 |
|
|
|a NB
|
| 958 |
|
|
|a SK
|
| 958 |
|
|
|a EUIPO
|
| 999 |
|
|
|c 2931682
|d 2933612
|